[Event "Heusenstamm Sparkassen op-A 9th"]
[Site "Heusenstamm"]
[Date "2023.11.25"]
[Round "4"]
[White "Benninger, Rudolf"]
[Black "Siegert, Gregor"]
[Result "0-1"]
[WhiteElo "1987"]
[BlackElo "2109"]
[PlyCount "74"]
[EventDate "2023.11.23"]
[EventType "swiss"]
[EventRounds "7"]
[EventCountry "GER"]
[SourceTitle "CBM 217 Extra"]
[Source "ChessBase"]
[SourceDate "2024.01.31"]
[SourceVersion "1"]
[SourceVersionDate "2024.01.31"]
[SourceQuality "1"]

1. e4 c5 2. c3 d5 3. exd5 Qxd5 4. d4 Nf6 5. Nf3 e6 6. Bd3 Be7 7. 0-0 0-0 8. Be3 Rd8 9. Qe2 Nc6 10. Rd1 Qh5 11. Nbd2 cxd4 12. Nxd4 Nxd4 13. Qxh5 Nxh5 14. cxd4 Nf6 15. Ne4 b6 16. Nxf6+ gxf6 17. Be4 Rb8 18. Bf4 Bd6 19. Bxd6 Rxd6 20. Rac1 Bb7 21. Bxb7 Rxb7 22. Rc3 Rbd7 23. Rg3+ Kf8 24. Kf1 Rxd4 25. Rxd4 Rxd4 26. Ke2 Re4+ 27. Kd2 Rf4 28. Ke2 Rc4 29. Ra3 Rc7 30. b4 f5 31. Kd2 e5 32. Ke2 f6 33. h4 f4 34. Kd3 Ke7 35. f3 Ke6 36. Kd2 Rg7 37. Kd3 Kd5 0-1

[Event "Oberliga Ost-B 2223"]
[Site "Germany"]
[Date "2023.03.18"]
[Round "10.8"]
[White "Taudte, Stefan"]
[Black "Benninger, Rudolf"]
[Result "1/2-1/2"]
[WhiteElo "1990"]
[BlackElo "1987"]
[PlyCount "126"]
[EventDate "2022.09.18"]
[EventType "team-tourn"]
[EventRounds "11"]
[EventCountry "GER"]
[SourceTitle "EXT 2025"]
[Source "ChessBase"]
[SourceDate "2024.10.14"]
[SourceVersion "1"]
[SourceVersionDate "2024.10.14"]
[SourceQuality "1"]
[WhiteTeam "Erfurt Empor"]
[BlackTeam "Heusenstamm"]
[WhiteTeamCountry "GER"]
[BlackTeamCountry "GER"]

1. d4 g6 2. c4 Bg7 3. Nc3 c5 4. d5 d6 5. e4 e6 6. Bd3 Ne7 7. Nge2 a6 8. 0-0 0-0 9. Bg5 h6 10. Be3 exd5 11. cxd5 b5 12. Qd2 Kh7 13. f4 f5 14. Ng3 b4 15. Nce2 fxe4 16. Bxe4 Bf5 17. Nxf5 Nxf5 18. Bf2 Nd7 19. Qc2 Qf6 20. Rab1 Rae8 21. g4 Nd4 22. Nxd4 cxd4 23. f5 Rxe4 24. Qxe4 gxf5 25. Qe6 Nc5 26. Qxf6 Bxf6 27. gxf5 Ne4 28. Rbc1 Rf7 29. Rcd1 Nxf2 30. Rxf2 Bg5 31. Rxd4 Be3 32. Rdf4 a5 33. Kg2 Bxf2 34. Kxf2 Kg7 35. Kf3 Kf6 36. Ke4 Re7+ 37. Kd4 Re2 38. Re4 Rd2+ 39. Kc4 Kxf5 40. Re6 Rc2+ 41. Kb3 Rxh2 42. Rxd6 h5 43. Ra6 Rh3+ 44. Kc4 Rh2 45. a4 Rxb2 46. Rxa5 h4 47. Ra8 h3 48. Rh8 h2 49. a5 Ke5 50. Rh5+ Kd6 51. Rh6+ Kd7 52. Kc5 Kc8 53. a6 Ra2 54. Rh8+ Kd7 55. Rh7+ Kd8 56. Kxb4 Rxa6 57. Rxh2 Rb6+ 58. Kc5 Rg6 59. Rh7 Rf6 60. Ra7 Rh6 61. Rb7 Rg6 62. Rh7 Rf6 63. d6 Rf1 1/2-1/2

[Event "Heusenstamm Sparkassen op 8th"]
[Site "Heusenstamm"]
[Date "2022.11.19"]
[Round "5"]
[White "Benninger, Rudolf"]
[Black "Poschadel, Andreas Gregor"]
[Result "1/2-1/2"]
[WhiteElo "1978"]
[BlackElo "2107"]
[PlyCount "64"]
[EventDate "2022.11.17"]
[EventType "swiss"]
[EventRounds "7"]
[EventCountry "GER"]
[SourceTitle "CBM 212 Extra"]
[Source "ChessBase"]
[SourceDate "2023.03.31"]
[SourceVersion "1"]
[SourceVersionDate "2023.03.31"]
[SourceQuality "1"]

1. e4 c6 2. c4 d5 3. exd5 cxd5 4. cxd5 Nf6 5. Nc3 Nxd5 6. Nf3 e6 7. d4 Nc6 8. Bd3 Be7 9. 0-0 0-0 10. a3 Nxc3 11. bxc3 Bf6 12. Re1 b6 13. Qc2 h6 14. Qe2 Qd5 15. Bf4 Bb7 16. Rad1 Na5 17. c4 Qh5 18. Ne5 Qxe2 19. Rxe2 Rfd8 20. Red2 Kf8 21. Bf1 Be7 22. d5 exd5 23. cxd5 Bd6 24. a4 Rac8 25. Bg3 Bxe5 26. Bxe5 Rc5 27. Bb5 Rcxd5 28. Rxd5 Rxd5 29. Rxd5 Bxd5 30. Bb8 Nc6 31. Bxc6 Bxc6 32. Bxa7 Bxa4 1/2-1/2

[Event "Oberliga Ost-B 2223"]
[Site "Germany"]
[Date "2022.10.23"]
[Round "3.8"]
[White "Nagelsdiek, Ralf"]
[Black "Benninger, Rudolf"]
[Result "1/2-1/2"]
[WhiteElo "2022"]
[BlackElo "1977"]
[PlyCount "95"]
[EventDate "2022.09.18"]
[EventType "team-tourn"]
[EventRounds "11"]
[EventCountry "GER"]
[SourceTitle "EXT 2025"]
[Source "ChessBase"]
[SourceDate "2024.10.14"]
[SourceVersion "1"]
[SourceVersionDate "2024.10.14"]
[SourceQuality "1"]
[WhiteTeam "Bad Homburg"]
[BlackTeam "Heusenstamm"]
[WhiteTeamCountry "GER"]
[BlackTeamCountry "GER"]

1. c4 g6 2. Nc3 Bg7 3. g3 c5 4. Bg2 Nc6 5. e3 e6 6. Nh3 Nge7 7. Nf4 d6 8. d3 a6 9. 0-0 Rb8 10. Bd2 0-0 11. Rb1 b5 12. b3 Bd7 13. h4 f5 14. Nce2 Qc7 15. Bc3 e5 16. Nd5 Nxd5 17. Bxd5+ Kh8 18. cxb5 axb5 19. d4 Ne7 20. dxe5 dxe5 21. Bg2 Bc6 22. Rc1 Rfd8 23. Qc2 Bxg2 24. Kxg2 Nd5 25. e4 fxe4 26. Qxe4 Nxc3 27. Rxc3 Rd2 28. Rfc1 Bf8 29. R3c2 Rd7 30. h5 Qb7 31. Qxb7 Rbxb7 32. hxg6 hxg6 33. Nc3 Rd4 34. f3 Bh6 35. Re1 Rd2+ 36. Re2 Rxc2 37. Rxc2 Be3 38. Ne4 b4 39. Kf1 Rh7 40. Ke2 Bd4 41. Ng5 Rh1 42. Kd3 Re1 43. Re2 Rc1 44. Ke4 Kg7 45. f4 exf4 46. Kxf4 Bf6 47. Ne4 c4 48. bxc4 1/2-1/2

[Event "Heusenstamm Sparkassen op-A 7th"]
[Site "Heusenstamm"]
[Date "2021.11.20"]
[Round "4.45"]
[White "Benninger, Rudolf"]
[Black "Mehlen, Theodor"]
[Result "1-0"]
[WhiteElo "2008"]
[BlackElo "1861"]
[PlyCount "99"]
[EventDate "2021.11.18"]
[EventType "swiss"]
[EventRounds "7"]
[EventCountry "GER"]
[SourceTitle "EXT 2023"]
[Source "ChessBase"]
[SourceDate "2022.10.05"]
[SourceVersion "1"]
[SourceVersionDate "2022.10.05"]
[SourceQuality "1"]

1. e4 c5 2. c3 d5 3. exd5 Nf6 4. Qa4+ Bd7 5. Qb3 Qc7 6. Nf3 e6 7. c4 Bd6 8. Nc3 a6 9. a4 0-0 10. Be2 exd5 11. cxd5 Bg4 12. h3 Bh5 13. 0-0 Nbd7 14. d3 Rfe8 15. Be3 Ne5 16. Nxe5 Bxe2 17. Nxe2 Rxe5 18. Nc3 Rh5 19. Rac1 Ng4 20. Qd1 Nf6 21. Qf3 Re5 22. d4 cxd4 23. Bxd4 Qe7 24. Bxe5 Qxe5 25. g3 Qg5 26. Rfe1 h5 27. Ne4 Nxe4 28. Qxe4 h4 29. g4 Rd8 30. Rcd1 Rc8 31. Qf5 Qxf5 32. gxf5 Rc2 33. Re8+ Kh7 34. Rd4 Kh6 35. Rg4 g6 36. fxg6 fxg6 37. Re6 Bc5 38. Rexg6+ Kh7 39. Rg7+ Kh6 40. R4g6+ Kh5 41. Rg5+ Kh6 42. R7g6+ Kh7 43. Rf6 Rxb2 44. Rf4 Kh6 45. Rg8 Kh7 46. Rgg4 Rd2 47. Rxh4+ Kg6 48. Rhg4+ Kh7 49. Rf5 Rd3 50. Rh5# 1-0

[Event "Frankfurt-chA"]
[Site "Frankfurt"]
[Date "2017.05.15"]
[Round "4"]
[White "Benninger, Rudolf"]
[Black "Lessmann, Sven"]
[Result "1-0"]
[WhiteElo "1958"]
[BlackElo "1398"]
[PlyCount "43"]
[EventDate "2017.04.24"]
[EventType "swiss"]
[EventRounds "7"]
[EventCountry "GER"]
[SourceTitle "EXT 2018"]
[Source "ChessBase"]
[SourceDate "2017.10.13"]
[SourceVersion "1"]
[SourceVersionDate "2017.10.13"]
[SourceQuality "1"]

1. e4 d6 2. d4 Nf6 3. Nc3 g6 4. f4 Bg7 5. Nf3 0-0 6. Bd3 c6 7. 0-0 Qc7 8. a4 a5 9. Kh1 Rd8 10. Qe2 Na6 11. e5 dxe5 12. fxe5 Nd5 13. Ng5 f6 14. exf6 Nxf6 15. Bc4+ Nd5 16. Bf4 Qd7 17. Qe4 e6 18. Rae1 Nac7 19. Be5 Re8 20. Rf7 Re7 21. Ref1 Bh6 22. Qh4 1-0

[Event "WchT Seniors 65"]
[Site "Radebeul"]
[Date "2016.07.04"]
[Round "9.17"]
[White "Benninger, Rudolf"]
[Black "Byrne, Ray"]
[Result "1/2-1/2"]
[WhiteElo "2099"]
[BlackElo "1987"]
[PlyCount "41"]
[EventDate "2016.06.26"]
[EventType "team-swiss"]
[EventRounds "9"]
[EventCountry "GER"]
[SourceTitle "CBM 173 Extra"]
[Source "ChessBase"]
[SourceDate "2016.08.29"]
[SourceVersion "1"]
[SourceVersionDate "2016.08.29"]
[SourceQuality "1"]
[WhiteTeam "Hessen II"]
[BlackTeam "Ireland"]
[WhiteTeamCountry "GER"]
[BlackTeamCountry "IRL"]

1. e4 e5 2. Nf3 Nc6 3. d4 exd4 4. Bc4 Nf6 5. e5 d5 6. Bb5 Ne4 7. Nxd4 Bc5 8. Be3 Bd7 9. Bxc6 bxc6 10. 0-0 0-0 11. f3 Ng5 12. f4 Ne4 13. Nd2 Nxd2 14. Qxd2 Qe7 15. Rac1 Bb6 16. c3 Rae8 17. Nf3 Bf5 18. h3 f6 19. Bxb6 axb6 20. Qd4 Be4 21. exf6 1/2-1/2

[Event "Frankfurt-chA"]
[Site "Frankfurt"]
[Date "2016.05.30"]
[Round "5"]
[White "Gutacker, Stephan"]
[Black "Benninger, Rudolf"]
[Result "0-1"]
[WhiteElo "1777"]
[BlackElo "1970"]
[PlyCount "56"]
[EventDate "2016.04.25"]
[EventType "swiss"]
[EventRounds "9"]
[EventCountry "GER"]
[SourceTitle "EXT 2018"]
[Source "ChessBase"]
[SourceDate "2017.10.13"]
[SourceVersion "1"]
[SourceVersionDate "2017.10.13"]
[SourceQuality "1"]

1. e4 g6 2. d4 Bg7 3. c3 d5 4. Nd2 Nh6 5. Bd3 0-0 6. Ngf3 c6 7. 0-0 f6 8. Re1 e6 9. c4 Nf7 10. exd5 cxd5 11. cxd5 exd5 12. Nf1 Nc6 13. Bd2 Bg4 14. Bc3 Ng5 15. Be2 Ne4 16. Ne3 Be6 17. Qb3 Qd7 18. Nd2 f5 19. Nf3 Rad8 20. h4 h6 21. Rad1 Bf6 22. Ne5 Nxe5 23. dxe5 Bxh4 24. g3 f4 25. Nxd5 fxg3 26. f3 Qf7 27. Rf1 Nf2 28. Bc4 Qxf3 0-1

[Event "Frankfurt-chA"]
[Site "Frankfurt"]
[Date "2016.04.25"]
[Round "1"]
[White "Varma, Christopher"]
[Black "Benninger, Rudolf"]
[Result "0-1"]
[WhiteElo "1655"]
[BlackElo "1970"]
[PlyCount "52"]
[EventDate "2016.04.25"]
[EventType "swiss"]
[EventRounds "9"]
[EventCountry "GER"]
[SourceTitle "EXT 2018"]
[Source "ChessBase"]
[SourceDate "2017.10.13"]
[SourceVersion "1"]
[SourceVersionDate "2017.10.13"]
[SourceQuality "1"]

1. e4 g6 2. d4 Bg7 3. Nc3 c5 4. d5 d6 5. Nf3 Nf6 6. Bb5+ Nbd7 7. a4 a6 8. Be2 0-0 9. 0-0 b6 10. h3 Qc7 11. Bf4 Ne5 12. Nd2 e6 13. Bg5 Bb7 14. f4 Ned7 15. dxe6 fxe6 16. f5 exf5 17. exf5 Ne5 18. fxg6 Qc6 19. Rf2 Nfg4 20. Rxf8+ Rxf8 21. gxh7+ Kh8 22. Nf3 Nxf3+ 23. Bxf3 Rxf3 24. Qxf3 Bd4+ 25. Kh1 Qxf3 26. gxf3 Bxf3# 0-1

[Event "Heusenstamm Sparkassen op-A 2nd"]
[Site "Heusenstamm"]
[Date "2015.11.29"]
[Round "6"]
[White "Benninger, Rudolf"]
[Black "Schneider, Johannes"]
[Result "1-0"]
[WhiteElo "2119"]
[BlackElo "1998"]
[PlyCount "59"]
[EventDate "2015.11.26"]
[EventType "swiss"]
[EventRounds "7"]
[EventCountry "GER"]
[SourceTitle "EXT 2018"]
[Source "ChessBase"]
[SourceDate "2017.10.13"]
[SourceVersion "1"]
[SourceVersionDate "2017.10.13"]
[SourceQuality "1"]

1. e4 c5 2. c3 d5 3. exd5 Qxd5 4. d4 e6 5. Nf3 cxd4 6. cxd4 a6 7. Nc3 Qd8 8. Bd3 Nf6 9. 0-0 Be7 10. Re1 0-0 11. a3 Nbd7 12. Bc2 Re8 13. Qd3 b5 14. Bg5 Bb7 15. Rad1 Qc7 16. Ne5 g6 17. Bb3 Nxe5 18. dxe5 Rad8 19. Qe3 Ng4 20. Qf4 Bxg5 21. Qxg5 Rxd1 22. Bxd1 h5 23. h3 Nxf2 24. Kxf2 Qd7 25. Bf3 Bxf3 26. gxf3 Qd4+ 27. Kg2 b4 28. Rd1 Qb6 29. Ne4 Rb8 30. Rd2 1-0

[Event "GER-chT Seniors 24th"]
[Site "Berlin"]
[Date "2015.09.11"]
[Round "6.3"]
[White "Benninger, Rudolf"]
[Black "Hassenrueck, Helmut"]
[Result "1/2-1/2"]
[WhiteElo "2097"]
[BlackElo "2248"]
[PlyCount "100"]
[EventDate "2015.09.06"]
[EventType "team-swiss"]
[EventRounds "7"]
[EventCountry "GER"]
[SourceTitle "EXT 2018"]
[Source "ChessBase"]
[SourceDate "2017.10.13"]
[SourceVersion "1"]
[SourceVersionDate "2017.10.13"]
[SourceQuality "1"]

1. e4 e5 2. Nf3 Nc6 3. Bc4 Bc5 4. c3 Nf6 5. d3 0-0 6. Bg5 h6 7. Bh4 Be7 8. Nbd2 d6 9. Nf1 Na5 10. Bb5 a6 11. Ba4 b5 12. Bc2 c5 13. Ne3 Nc6 14. 0-0 Re8 15. a4 b4 16. d4 Nd7 17. Bg3 Bf8 18. Re1 g6 19. h4 Bg7 20. dxe5 Ndxe5 21. Nxe5 Nxe5 22. h5 Be6 23. f4 Nc6 24. Qd3 bxc3 25. bxc3 Qa5 26. f5 Qxc3 27. fxe6 Rxe6 28. Ra3 Qxd3 29. Bxd3 gxh5 30. Bc4 Rg6 31. Nf5 Bd4+ 32. Kh2 h4 33. Nxh4 Rg5 34. Nf5 Rh5+ 35. Bh4 Bf2 36. Rf1 Bxh4 37. Rh3 Rxf5 38. Rxf5 Bg5 39. Bd5 Rc8 40. Rxf7 Kh8 41. Rf5 Bd2 42. Rf2 Bg5 43. Rhf3 Kg7 44. Rb3 Ne5 45. Rb7+ Kh8 46. Kh3 c4 47. Be6 Re8 48. Rc7 Nd3 49. Rff7 Nf4+ 50. Rxf4 Bxf4 1/2-1/2

[Event "Frankfurt-chA"]
[Site "Frankfurt"]
[Date "2015.06.15"]
[Round "7"]
[White "Benninger, Rudolf"]
[Black "Keller, Peter1"]
[Result "0-1"]
[WhiteElo "1970"]
[BlackElo "2094"]
[PlyCount "94"]
[EventDate "2015.04.27"]
[EventType "swiss"]
[EventRounds "7"]
[EventCountry "GER"]
[SourceTitle "EXT 2016"]
[Source "ChessBase"]
[SourceDate "2015.10.08"]
[SourceVersion "1"]
[SourceVersionDate "2015.10.08"]
[SourceQuality "1"]

1. c4 Nf6 2. g3 c6 3. Bg2 d5 4. b3 e5 5. cxd5 cxd5 6. Bb2 Nc6 7. d3 Qa5+ 8. Nd2 Bc5 9. a3 Bxf2+ 10. Kxf2 Ng4+ 11. Ke1 Qc5 12. e3 Nxe3 13. Qe2 Nc2+ 14. Kf1 Nxa1 15. Bxa1 Qc1+ 16. Qe1 Qxe1+ 17. Kxe1 Be6 18. Ngf3 f6 19. Kf2 Rc8 20. Rc1 Kd7 21. Ne1 Ne7 22. Rxc8 Rxc8 23. Bb2 b6 24. h3 Nf5 25. g4 Nh4 26. Bh1 Ng6 27. Kg3 Nf4 28. Bf3 g5 29. h4 h6 30. h5 Bg8 31. Nf1 Bh7 32. Ne3 Ke6 33. d4 Rc7 34. Nf5 Nxh5+ 35. Kf2 Nf4 36. Nxh6 Nd3+ 37. Nxd3 Bxd3 38. Ke3 Bc2 39. b4 Rh7 40. Nf5 Bxf5 41. gxf5+ Kd6 42. dxe5+ fxe5 43. Bg4 d4+ 44. Kd3 Rh4 45. Bf3 g4 46. Be4 g3 47. Bc1 Rxe4 0-1